MARC details
| 000 -CABECERA |
| campo de control de longitud fija |
01337nam a2200193 a 4500 |
| 001 - NÚMERO DE CONTROL |
| campo de control |
000000037 |
| 005 - FECHA Y HORA DE LA ÚLTIMA TRANSACCIÓN |
| campo de control |
20250526110105.0 |
| 008 - DATOS DE LONGITUD FIJA--INFORMACIÓN GENERAL |
| campo de control de longitud fija |
081127s2000 dr 001 0 spa d |
| 040 ## - FUENTE DE LA CATALOGACIÓN |
| Centro catalogador/agencia de origen |
DO-SdBNP |
| Lengua de catalogación |
spa |
| Centro/agencia transcriptor |
BNPHU |
| 082 ## - NÚMERO DE LA CLASIFICACIÓN DECIMAL DEWEY |
| Número de clasificación |
152.41 |
| Número de documento/Ítem |
S715a |
| 100 1# - ENTRADA PRINCIPAL--NOMBRE DE PERSONA |
| Nombre de persona |
Sosa, José Rafael |
| 9 (RLIN) |
64 |
| 245 10 - MENCIÓN DE TÍTULO |
| Título |
Aprendiendo a expresar el afecto / |
| Mención de responsabilidad, etc. |
José Rafael Sosa. |
| 260 ## - PUBLICACIÓN, DISTRIBUCIÓN, ETC. |
| Lugar de publicación, distribución, etc. |
Santo Domingo : |
| Nombre del editor, distribuidor, etc. |
Itesa, |
| Fecha de publicación, distribución, etc. |
2000. |
| 300 ## - DESCRIPCIÓN FÍSICA |
| Extensión |
126 p. ; |
| Dimensiones |
22 cm. |
| 505 0# - NOTA DE CONTENIDO CON FORMATO |
| Título |
Una advertencia -- |
| -- |
Expresar el afecto: ¿cómo hacerlo? -- |
| -- |
Sobre la costra afectiva -- |
| -- |
Si quieres saber cómo es una persona, viaja con ella -- |
| -- |
El cristianismo de los "ocupados" -- |
| -- |
El cristianismo de la comodidad -- |
| -- |
Afectividad en las mujeres casadas -- |
| -- |
La vida bústica -- |
| -- |
Afectividad y controles afectivos en el matrimonio -- |
| -- |
Llegar el tiempo de expresarse -- |
| -- |
El día internacional del sapito verde -- |
| -- |
Tomar las manos y acercar las almas -- |
| -- |
Amistades hasta el primer favor -- |
| -- |
Un beeper bien extraño -- |
| -- |
Ella está enferma...¿por qué abandonarla? -- |
| -- |
¡No al truño! -- |
| -- |
Expresividad.com -- |
| -- |
Salgo seguido -- |
| -- |
¿Por qué me miran de ese modo cuando proclamo a todo pulmón que "¡estoy requete bien!" ? -- |
| -- |
¡Ay ... pero estabas perdido !! -- |
| -- |
Oración de los afectos. |
| 650 #0 - PUNTO DE ACCESO ADICIONAL DE MATERIA--TÉRMINO DE MATERIA |
| Término de materia o nombre geográfico como elemento de entrada |
Emociones |
| 9 (RLIN) |
156 |
| 650 #4 - PUNTO DE ACCESO ADICIONAL DE MATERIA--TÉRMINO DE MATERIA |
| Término de materia o nombre geográfico como elemento de entrada |
Afecto (psicología) |
| 9 (RLIN) |
157 |
| 910 ## - DATOS DE OPCIÓN DEL USUARIO (OCLC) |
| Datos de opción del usuario |
Validado. Control de calidad BNPHU |